000 00574nam a2200193Ia 4500
003 GCL
008 140319s9999 xx 000 0 ara d
040 _aGCL /
_cGCL
082 0 4 _a260
_bع ق
100 1 _aعبدالحليم محمود
245 1 0 _aقضية التصوف المدرسة الشاذلية /
_cعبدالحليم محمود
260 _a[S.N] :
_bدار المعارف ،
_c1988
300 _a440 ص
490 _a
650 0 4 _aالتصوف الاسلامى
650 0 4 _aالتصوف
650 0 4 _aالمدرسة الشاذلية
942 _2ddc
_cBK
999 _c55483
_d55483